Marchands et banquiers du moyen age

Bewaard in:
Bibliografische gegevens
Hoofdauteur: Le Goff, Jacques (Auteur)
Formaat: Boek
Taal:Frans
Gepubliceerd in: París Presses Universitaires de France 1956
Reeks:Que sais je ?, 699
Onderwerpen:
Tags: Voeg label toe
Geen labels, Wees de eerste die dit record labelt!

MARC

LEADER 00000nam a2200000 a 4500
001 UCY7161
003 CL-VaPUC
008 950609e19560000FR |||||||||||||||||fre|d
082 0 4 |a 940.1  |b LEG  |2 21 
100 |a Le Goff, Jacques  |e author  |9 322549 
245 1 0 |a Marchands et banquiers du moyen age 
300 |a 126 p 
942 |c BK 
945 |d 19950609 00:00:00  |a rbrito 
260 |a París  |b Presses Universitaires de France  |c 1956 
650 0 |a Civilización medieval   |9 265320 
650 0 |a Cultura  |9 269059 
650 0 |a Edad media  |9 258041 
650 0 |a Historia medieval   |9 258042 
650 0 |a Política  |9 255312 
583 |a last modification  |c 19950609 00:00:00  |k Rodrigo Vera 
490 0 |a Que sais je ?, 699 
999 |c 234597  |d 234595 
952 |0 0  |1 0  |4 0  |6 940_100000000000000_LEG_1956  |7 0  |8 A  |9 241142  |a BIBART  |b BIBART  |d 2019-11-18  |i 2006618  |o 940.1 LEG 1956  |p 2006618  |r 2025-03-13  |w 2019-11-18  |y BK  |k ART